The elements of political science
Salvato in:
| Autore principale: | |
|---|---|
| Natura: | Libro |
| Lingua: | inglese |
| Pubblicazione: |
Nueva York
Free
1962
|
| Edizione: | 2a. ed |
| Soggetti: | |
| Tags: |
Aggiungi Tag
Nessun Tag, puoi essere il primo ad aggiungerne!!
|
MARC
| LEADER | 00000nam a2200000 a 4500 | ||
|---|---|---|---|
| 001 | UCT6268 | ||
| 003 | CL-VaPUC | ||
| 008 | 970106e19620000US |||||||||||||||||eng|d | ||
| 082 | 0 | 4 | |a 320.01 |b GRA |2 21 |
| 100 | |a De Grazia, Alfred |e author |9 376524 | ||
| 245 | 1 | 4 | |a The elements of political science |
| 250 | |a 2a. ed | ||
| 300 | |a 2 v | ||
| 942 | |c BK | ||
| 945 | |d 19970106 00:00:00 |a paguirre | ||
| 260 | |a Nueva York |b Free |c 1962 | ||
| 500 | |a v.1: Political behavior | ||
| 650 | 7 | |a FILOSOFIA POLITICA |2 CL-VaPUC |9 376233 | |
| 650 | 0 | |a Ciencias Políticas |9 255201 | |
| 650 | 0 | |a Política |9 255312 | |
| 650 | 0 | |a Elecciones |9 254997 | |
| 650 | 0 | |a Representación política |9 362081 | |
| 650 | 0 | |a Partidos políticos |9 254999 | |
| 650 | 0 | |a Democracia |9 255256 | |
| 650 | 7 | |a SISTEMAS POLITICOS |2 CL-VaPUC |9 376234 | |
| 583 | |a last modification |c 19970106 00:00:00 |k Rodrigo Vera | ||
| 999 | |c 254983 |d 254981 | ||
| 952 | |0 0 |1 0 |4 0 |6 320_010000000000000_GRA_1962 |7 0 |8 P |9 276991 |a BIBDER |b BIBDER |d 2019-11-19 |h v.1 |i 180121K |o 320.01 GRA 1962 |p 180121K |r 2023-01-25 |w 2019-11-19 |y BK |k DER | ||